| 000 | 01162cam a2200289 a 4500 | ||
|---|---|---|---|
| 001 | 12269611 | ||
| 003 | Nust- CAS-E | ||
| 005 | 20180118181403.0 | ||
| 008 | 010104s2001 njua b 001 0 eng | ||
| 010 | _a 2001016394 | ||
| 020 | _a0201824981 | ||
| 040 |
_aDLC _cDLC _dDLC |
||
| 050 | 0 | 0 |
_aTK9145 _b.L28 2001 |
| 082 | 0 | 0 |
_a621.48 _221 _bLAM 2001 |
| 100 | 1 | _aLamarsh, John R. | |
| 245 | 1 | 0 |
_aIntroduction to nuclear engineering / _cJohn R. Lamarsh, Anthony J. Baratta. |
| 250 | _a3rd ed. | ||
| 260 |
_aUpper Saddle River, N.J. : _bPrentice Hall, _cc2001. |
||
| 300 |
_axv, 783 p. : _bill. ; _c25 cm. |
||
| 440 | 0 | _aAddison-Wesley series in nuclear science and engineering | |
| 504 | _aIncludes bibliographical references and index. | ||
| 650 | 0 | _aNuclear engineering. | |
| 700 | 1 |
_aBaratta, Anthony John, _d1945- |
|
| 906 |
_a7 _bcbc _corignew _d1 _eocip _f20 _gy-gencatlg |
||
| 942 |
_2ddc _cBK |
||
| 999 |
_c355477 _d355477 |
||